| 000 | 00578nam a2200205 i 4500 | ||
|---|---|---|---|
| 001 | 95639 | ||
| 003 | ES-MaACL | ||
| 005 | 20231227201300.0 | ||
| 007 | t| | ||
| 008 | 050601s1972 sp ||||1| spa d | ||
| 100 | 1 |
_aLlorca, Carmen, _d1921-1998 _9181902 |
|
| 245 | 1 | 0 |
_aPor los caminos de Europa / _cCarmen Llorca. |
| 250 | _a[1ª ed.]. | ||
| 260 |
_aMadrid : _bSala, _c1972. |
||
| 300 |
_a93 p. ; _c20 cm. |
||
| 651 | 4 |
_aEuropa- _xDescripción. _98594 |
|
| 852 |
_aES-MaACL _jC-52012 _bR.85190 |
||
| 852 |
_aES-MaACL _jC-56771 _bR.89492 |
||
| 999 |
_c95639 _d95639 |
||